| 000 | 01163nam a2200253Ia 4500 | ||
|---|---|---|---|
| 999 |
_c52497 _d52497 |
||
| 001 | 19520 | ||
| 003 | GE_BSU | ||
| 005 | 20200220112924.0 | ||
| 008 | 181216s1986||||ge |||||||||||||| ||geo|| | ||
| 040 | _cGE_BSU | ||
| 041 | _ageo | ||
| 080 | _a811.353.1'373+ 811.161.1'373 მ-70 | ||
| 100 |
_aმირიანაშვილი, ნ. _97208 |
||
| 245 |
_aფერთა აღმნიშვნელი ლექსიკა ქართულსა და რუსულ ენებში : _b(თარგმნით ლექსიკონების მიხედვით) / _cნ. მირიანაშვილი ; რედ. ა. კობახიძე |
||
| 264 |
_aთბილისი : _bმეცნიერება, _c1986. |
||
| 300 |
_a121 გვ. ; _c 21 სმ. |
||
| 504 | _aბიბლიოგრ. გვ. 99-111 | ||
| 520 | _aრეზიუმე | ||
| 541 | _h2ლ. | ||
| 653 | _aქართული ენის ლექსიკა | ||
| 653 | _a რუსული ენის ლექსიკა | ||
| 700 |
_aკობახიძე, ა. _eრედაქტორი _97209 |
||
| 942 |
_cBK _2udc |
||